|
|
|
|
| LEADER |
00000ngm0a2200000 4500 |
| 001 |
30916 |
| 005 |
20231030204211.0 |
| 035 |
|
|
|a (RuTPU)RU\TPU\book\31192
|
| 035 |
|
|
|a BOOK00031271
|
| 090 |
|
|
|a 30916
|
| 100 |
|
|
|a 20011209d2000 m y0rusy50 ca
|
| 101 |
0 |
|
|a rus
|
| 102 |
|
|
|a RU
|
| 105 |
|
|
|a a g 000zy
|
| 115 |
|
|
|a c720bahmcbaz cbucc
|
| 200 |
1 |
|
|a Эрмитаж
|b Видеокассета
|e Из собрания Гостелерадиофонда
|
| 210 |
|
|
|a Москва
|c Мастер Тэйп
|d 2000
|
| 215 |
|
|
|a 4 видеока с.сеты
|
| 225 |
1 |
|
|a Коллекционная серия
|
| 300 |
|
|
|a Комплект из 4-х видеокассет
|
| 333 |
|
|
|a Исключено из фонда НТБ ТПУ
|
| 801 |
|
0 |
|a RU
|b 63413507
|c 20011209
|g PSBO
|
| 801 |
|
2 |
|a RU
|b 63413507
|c 20150902
|g PSBO
|
| 942 |
|
|
|c BK
|